00374cam a22001097a 4500008003600000082001400036245008600050260004400136300000800180500003700188700003900225180718b xxu||||| |||| 00| 0 eng d aR8x42 Un3 aTrade union: manpower and employment in Britaincby Central Office of Information aLondonbCentral Office of Informationc a32p aContents: Library has 1975, 1977 aU.K. Central Office of Information